01100nam a2200241Ia 4500001000600000003000900006008004100015040001300056040001300069041001300082100002300095100002900118245003400147245007800181250001100259260001100270260001300281260004900294300005800343500040400401650002200805650003100827A8388IT-RoPAU130308s9999 xx 000 0 und d aIT-RoPAU cIT-RoPAU aITALIANO aPistoia Alessandro gCodice Aut. SPICS: 23256 aLiturgia: azione della Chiesa bCelebrazione Cristiana (La): Dimensioni Costitutive dell'Azione Liturgica a1a ed. aGENOVA bMarietti c1986 [1° Ed.:1986 - Ed.Ling.Originale:1985] a"17 p. (prefazione: no ; testo: 17 [pagine: 95-111])" aChiesa Celebra nel Segno dell'Assemblea. Chiesa/Assemblea Soggetto multiforme Gerarchicamente Ordinato. Nell'Assemblea Celebra una Chiesa Storicamente Situata. Assemblea Naturale Soggetto Interlocutore delle proposte dei libri Liturgici. Spirito Santo e Assemblea. Popolo Sacerdotale e Ministri Ordinati. Assemblea Segno per Il Mondo. Assemblea e Sviluppi Ecclesiologici. Concetto di Partecipazione. aSAGGI DI LITURGIA eCodice materia Spics: 9160